00819nam a2200265 a 4500001001300000003000900013005001700022008004100039020001000080082001500090100001600105245004600121260003700167300000900204500003500213505001000248650002300258650003700281700001600318902000800334942000700342952009400349952009500443999001500538nice12345678IN_TiNIC20260116011519.0050524s1892 lona grp 000 0 eng  ac10000a270.1bRAM aRamsay, W M aChurch in the Roman Empire Before A.D.170 aLondonbHodder & Stoughtonc1892 a310p aincludes index and biblioraphy2 aIndex aChristianity-Spain aChurch-History Primitive & Early1 aRamsay, W M bRBA cBK 00104070aHMIbHMId0000-00-00g100.00l0o270.1 RAMp373r0000-00-00w2026-01-16yARB 00104070aHMIbHMId0000-00-00g100.00l0o270.1 RAMp7228r0000-00-00w2026-01-16yARB c2206d2206